000
00328 a2200145 4500
001
154469
040
_c
Escola São Tomás de Aquino
100
_a
JEFFERS, Oliver
240
1
0
_a
Achados e perdidos
_l
por
245
1
0
_a
Achados e perdidos
300
_a
1
440
1
_a
Salamandra
697
_a
*LITERATURA INFANTO
942
_c
BK
999
_c
154469
_d
154469